000 00458nam a2200157Ia 4500
999 _c18600
_d18600
003 OSt
005 20211112104721.0
008 190216s9999||||xx |||||||||||||| ||und||
040 _coclc
082 _a954
_bSUB/I
100 _aSubrahmanian, N
_92342
245 0 _aIntroduction To The Cultural History Of India /
_cN Subrahmanian
260 _bThe Avational Publication,
300 _a119p
942 _cBK
_2ddc
_h954
_iSUB/I
_k954
_mSUB/I